000 00535nam a2200193Ia 4500
008 151119s9999||||xx |||||||||||||| ||und||
082 _a780
082 _bGKKV27454
100 _a"काणेकर, शिरीष"
245 _aगाये चले जा
260 _a--
260 _b--
260 _c0
600 _a"काणेकर, शिरीष"
630 _aगाये चले जा
700 _a"काणेकर, शिरीष"
730 _aगाये चले जा
942 _cBOOK
999 _c1079895
_d1079892